| 000 | 00482nab a22001097u 4500 | ||
|---|---|---|---|
| 008 | 130520b2003 xxu||||| |||| 00| 0 fre d | ||
| 041 | _afre | ||
| 100 | 1 |
_aSantedi Kinkupu, Léonard _954135 |
|
| 245 | 0 | 0 |
_aQuelques déplacements récents dans la pratique des théologies contextuelles. L'inculturation comme orthopraxis chrétienne et l'inventivité _cLéonard Santedi Kinkupu |
| 773 | 0 |
_tRevue Théologique de Louvain _gV.34, nº2,2003,págs. 155-186 _x0080-2654 _wRev387 |
|
| 942 | _cAR | ||
| 999 |
_c310722 _d310722 |
||